| 000 | 00775nam a22002177a 4500 | ||
|---|---|---|---|
| 999 |
_c64927 _d64927 |
||
| 005 | 20240530110758.0 | ||
| 008 | 190115s2015 ua f b 000 0 ara d | ||
| 017 |
_a2015/17780 _bمصر. دار الكتب |
||
| 020 | _a97897792047999 | ||
| 040 |
_aEG-CaGPL _cEG-CaGPL |
||
| 082 | 0 | 4 |
_221 _a962 / _bق/س ذ |
| 100 | 0 | _aسعيد الشحات | |
| 245 | 1 | 0 |
_aذات يوم : _bيوميات الف عام واكثر / _cسعيد الشحات |
| 250 | _aط.1 | ||
| 260 |
_aالقاهرة : _bالهيئة المصرية العامة للكتاب، _c2015. |
||
| 300 |
_a2 مج ؛ _c24 سم. |
||
| 504 | _aيشتمل على ارجاعات ببليوجرافية | ||
| 651 | 0 | 7 |
_2qrmak _aمصر _xتاريخ |
| 942 |
_2ddc _cBK |
||